Southville International School and Colleges
Your cart is empty.
  • Cart
  • Lists
    Public lists Eva Luna New books Lux_list list_1
    Your lists Log in to create your own lists
  • Log in to your account
  • Your cookies
  • Search history
Southville International School and Colleges
  • Advanced search
  • Recent comments
  • Most popular
  • Libraries

Log in to your account

Log in with GOOGLE


If you do not have an external account, but do have a local account, you can still log in:

  1. Home
  2. MARC view: Research methods for business students /
Normal view MARC view ISBD view

Research methods for business students / (Record no. 356837)

[ view plain ]
MARC details
000 -LEADER
fixed length control field 00687nam a2200229Ia 4500
008 - FIXED-LENGTH DATA ELEMENTS--GENERAL INFORMATION
fixed length control field 180523s9999 xx 000 0 und d
020 ## - INTERNATIONAL STANDARD BOOK NUMBER
International Standard Book Number 978-981-0697-86-0
050 ## - LIBRARY OF CONGRESS CALL NUMBER
Classification number MAIN HD 30.4
050 ## - LIBRARY OF CONGRESS CALL NUMBER
Item number .S28 2010
100 ## - MAIN ENTRY--PERSONAL NAME
Personal name Saunders, Mark.
245 #0 - TITLE STATEMENT
Title Research methods for business students /
245 #0 - TITLE STATEMENT
Statement of responsibility, etc Mark Saunders, Philip Lewis, Adrian Thornhill.
260 ## - PUBLICATION, DISTRIBUTION, ETC. (IMPRINT)
Place of publication, distribution, etc Singapore :
260 ## - PUBLICATION, DISTRIBUTION, ETC. (IMPRINT)
Name of publisher, distributor, etc Pearson Education South Asia,
260 ## - PUBLICATION, DISTRIBUTION, ETC. (IMPRINT)
Date of publication, distribution, etc 2010
300 ## - PHYSICAL DESCRIPTION
Extent 614 pages :
300 ## - PHYSICAL DESCRIPTION
Other physical details illustrations ;
300 ## - PHYSICAL DESCRIPTION
Dimensions 27 cm.
500 ## - GENERAL NOTE
General note Includes bibliographical references and index.
650 ## - SUBJECT ADDED ENTRY--TOPICAL TERM
Topical term or geographic name as entry element Business -- Research.
650 ## - SUBJECT ADDED ENTRY--TOPICAL TERM
General subdivision Business -- Research -- Data processing.
Holdings
Withdrawn status Lost status Damaged status Home library Current library Shelving location Date acquired Cost, normal purchase price Total Checkouts Full call number Barcode Date last seen Price effective from Koha item type
      South Mansfield College South Mansfield College   02/14/2011 695.00   MAIN HD 30.4 .S28 2010 SMC05311 05/23/2018 05/23/2018  

Research methods for business students /

APA

Saunders M., .Research methods for business students. Singapore: .

Chicago

Saunders Mark, .Research methods for business students. Singapore: .

Harvard

Saunders M., .Research methods for business students. Singapore: .

MLA

Saunders Mark, .Singapore: . .

  • Place hold
  • Print
  • Cite
  • Add to your cart (remove)
  • Save record
    BIBTEX Dublin Core MARCXML MARC (non-Unicode/MARC-8) MARC (Unicode/UTF-8) MARC (Unicode/UTF-8, Standard) MODS (XML) RIS
  • More searches
    Search for this title in:
    Other Libraries (WorldCat) Other Databases (Google Scholar) Online Stores (Bookfinder.com) Open Library (openlibrary.org)

Exporting to Dublin Core...

SOUTHVILLE LIBRARY

Southville International School and Colleges Library

1281 Tropical Ave. Cor. Luxembourg St., BF Homes International, Las Pinas City

Tel. No. 8256374 / 252358 Loc. 117/146

Powered by Koha